[Event "WYCC 2018 O14"]
[Site "Halkidiki"]
[Date "2018.10.28"]
[Round "9"]
[White "Tombolis, Christopher"]
[Black "Abelakiotis, Stavros"]
[Result "1/2-1/2"]
[WhiteElo "1882"]
[BlackElo "1994"]
[Annotator "NA"]
[PlyCount "149"]
[EventDate "2018.10.20"]
[EventType "swiss"]
[EventCountry "GRE"]
[SourceTitle "playchess.com"]
[Source "ChessBase"]
[SourceQuality "1"]
[TimeControl "40/5400+30:1800+30"]

1. d4 {[%emt 0:00:00]} Nf6 {[%emt 0:00:00]} 2. c4 {[%emt 0:00:00]} e6 {[%emt 0:00:11]} 3. Nc3 {[%emt 0:00:00]} Bb4 {[%emt 0:00:10]} 4. e3 {[%emt 0:00:00]} O-O {[%emt 0:00:15]} 5. Nge2 {[%emt 0:00:00]} d5 {[%emt 0:00:27]} 6. a3 {[%emt 0:00:00]} Be7 {[%emt 0:00:21]} 7. cxd5 {[%emt 0:00:20]} exd5 {[%emt 0:00:06]} 8. Nf4 {[%emt 0:00:06]} c6 {[%emt 0:00:06]} 9. Bd3 {[%emt 0:02:25]} Na6 {[%emt 0:00:19]} 10. O-O {[%emt 0:04:51]} Nc7 {[%emt 0:00:09]} 11. h3 {[%emt 0:04:24]} Re8 {[%emt 0:03:09]} 12. Qc2 {[%emt 0:18:16]} h6 {[%emt 0:08:03]} 13. b4 {[%emt 0:01:48]} Bd6 {[%emt 0:05:12]} 14. b5 {[%emt 0:15:27]} cxb5 {[%emt 0:03:19]} 15. Bxb5 {[%emt 0:05:51]} Nxb5 {[%emt 0:07:34]} 16. Nxb5 {[%emt 0:00:24]} b6 {[%emt 0:14:42]} 17. Nxd6 {[%emt 0:04:25]} Qxd6 {[%emt 0:00:47]} 18. a4 {[%emt 0:02:02]} Ba6 {[%emt 0:02:47]} 19. Ba3 {[%emt 0:06:44]} Qd7 {[%emt 0:01:27]} 20. Rfc1 {[%emt 0:02:31]} Rac8 {[%emt 0:05:35]} 21. Qd1 {[%emt 0:08:39]} Rxc1 {[%emt 0:03:33]} 22. Rxc1 {[%emt 0:01:49]} Bc4 {[%emt 0:04:40]} 23. a5 {[%emt 0:01:52]} bxa5 {[%emt 0:05:27]} 24. Nd3 {[%emt 0:00:26]} Bxd3 {[%emt 0:02:03]} 25. Qxd3 {[%emt 0:00:05]} Rc8 {[%emt 0:02:31]} 26. Rxc8+ {[%emt 0:10:21]} Qxc8 {[%emt 0:00:05]} 27. Bc5 {[%emt 0:00:08]} Ne4 {[%emt 0:05:36]} 28. Qa3 {[%emt 0:05:20]} Qc7 {[%emt 0:12:36]} 29. h4 {[%emt 0:03:25]} h5 {[%emt 0:04:15]} 30. Qa4 {[%emt 0:02:21]} Kh7 {[%emt 0:05:55]} 31. Qb5 {[%emt 0:00:43]} g6 {[%emt 0:02:16]} 32. Qe8 {[%emt 0:00:37]} Nf6 {[%emt 0:01:52]} 33. Qf8 {[%emt 0:00:27]} Qd7 {[%emt 0:00:30]} 34. g3 {[%emt 0:00:33]} a4 {[%emt 0:00:26]} 35. Bd6 {[%emt 0:00:35]} Qe8 {[%emt 0:00:32]} 36. Kf1 {[%emt 0:00:21]} Qb5+ {[%emt 0:00:32]} 37. Ke1 {[%emt 0:00:30]} Qd7 {[%emt 0:00:30]} 38. Ke2 {[%emt 0:00:31]} Qb5+ {[%emt 0:00:29]} 39. Ke1 {[%emt 0:00:08]} Qe8 {[%emt 0:00:29]} 40. Kd1 {[%emt 0:00:00]} Qxf8 {[%emt 0:00:00]} 41. Bxf8 {[%emt 0:00:21]} Ne4 {[%emt 0:04:26]} 42. Ke2 {[%emt 0:01:08]} a5 {[%emt 0:04:45]} 43. f3 {[%emt 0:07:26]} Nxg3+ {[%emt 0:02:18]} 44. Kf2 {[%emt 0:00:56]} Nf5 {[%emt 0:01:55]} 45. Bc5 {[%emt 0:00:21]} a3 {[%emt 0:14:12]} 46. Bxa3 {[%emt 0:01:05]} f6 {[%emt 0:00:08]} 47. Bc5 {[%emt 0:01:04]} Kg7 {[%emt 0:00:28]} 48. e4 {[%emt 0:00:32]} dxe4 {[%emt 0:00:17]} 49. fxe4 {[%emt 0:00:04]} Nxh4 {[%emt 0:00:34]} 50. d5 {[%emt 0:02:00]} Kf7 {[%emt 0:02:27]} 51. d6 {[%emt 0:00:21]} Ke6 {[%emt 0:00:13]} 52. Bd4 {[%emt 0:00:19]} a4 {[%emt 0:01:25]} 53. Kg3 {[%emt 0:08:23]} g5 {[%emt 0:03:08]} 54. d7 {[%emt 0:00:41]} Kxd7 {[%emt 0:00:10]} 55. Bxf6 {[%emt 0:00:06]} Ke6 {[%emt 0:01:33]} 56. Bxg5 {[%emt 0:01:18]} Ng6 {[%emt 0:00:04]} 57. Bc1 {[%emt 0:00:25]} h4+ {[%emt 0:00:57]} 58. Kf3 {[%emt 0:03:20]} Kd6 {[%emt 0:00:30]} 59. Ba3+ {[%emt 0:01:21]} Kc6 {[%emt 0:00:31]} 60. Kg4 {[%emt 0:01:06]} Kb5 {[%emt 0:00:13]} 61. Bd6 {[%emt 0:00:09]} Kc4 {[%emt 0:00:31]} 62. Ba3 {[%emt 0:03:25]} Kd4 {[%emt 0:00:34]} 63. Kf3 {[%emt 0:00:32]} Ne5+ {[%emt 0:00:37]} 64. Kf4 {[%emt 0:00:28]} Nd3+ {[%emt 0:00:32]} 65. Kg4 {[%emt 0:00:53]} Kxe4 {[%emt 0:00:33]} 66. Kxh4 {[%emt 0:00:07]} Kd4 {[%emt 0:00:22]} 67. Kg3 {[%emt 0:01:00]} Kc3 {[%emt 0:00:10]} 68. Kf3 {[%emt 0:00:35]} Kb3 {[%emt 0:00:12]} 69. Be7 {[%emt 0:00:46]} Nb4 {[%emt 0:00:24]} 70. Ke2 {[%emt 0:00:12]} a3 {[%emt 0:01:22]} 71. Kd2 {[%emt 0:00:24]} a2 {[%emt 0:00:30]} 72. Bf6 {[%emt 0:00:15]} Nc2 {[%emt 0:00:31]} 73. Be5 {[%emt 0:01:07]} Na3 {[%emt 0:00:29]} 74. Bf6 {[%emt 0:02:24]} a1=Q {[%emt 0:00:28]} 75. Bxa1 {[%emt 0:00:07]} 1/2-1/2

[Event "WYCC 2018 O14"]
[Site "Halkidiki"]
[Date "2018.10.28"]
[Round "9"]
[White "Vujovic, Savo"]
[Black "Turcan, Richard"]
[Result "0-1"]
[WhiteElo "1781"]
[BlackElo "2218"]
[Annotator "TA"]
[PlyCount "32"]
[EventDate "2018.10.20"]
[EventType "swiss"]
[EventCountry "GRE"]
[SourceTitle "playchess.com"]
[Source "ChessBase"]
[SourceQuality "1"]

{[%evp 9,32,14,8,-126,-129,-156,-159,-194,-119,-119,-112,-168,-160,-170,-170,-220,-218,-243,-237,-238,-237,-356,-315,-766,-759]} 1. e4 c5 2. Nf3 Nc6 3. d4 cxd4 4. Nxd4 g6 5. Be3 Nf6 {LiveBook: 74 Games} (5... Bg7 6. c4 Nf6 7. Nc3 d6 8. Be2 O-O 9. O-O Bd7 10. Rc1 Nxd4 11. Bxd4 Bc6 12. Qd3 a5 13. b3 Nd7 14. Bxg7 Kxg7 15. Rfd1 Re8 16. a3 b6 17. b4 axb4 18. axb4 Ra3 19. Qd4+ Kg8 20. Ra1 Qa8 21. Nd5 Rxa1 22. Rxa1 {½-½ (37) Tarhon,B (2299)-Cornette,M (2597) London 2016}) 6. Qd2 $146 {B34: Sicilian: Accelerated Dragon with 5 Nc3: sidelines} (6. Nc3 $11 {remains equal.}) ({Predecessor:} 6. Nc3 d6 7. f3 Bg7 8. Qd2 O-O 9. Bc4 Ne5 10. Bb3 Bd7 11. h4 h5 12. O-O-O Rc8 13. Kb1 Re8 14. g4 hxg4 15. h5 Nxh5 16. Bh6 Bf6 17. Nd5 a5 18. Nxf6+ exf6 19. Rxh5 gxh5 20. Rh1 Rc5 21. Bd5 Rxd5 22. exd5 {0-1 (49) Zavarce,O (2391)-Sanchez Alvarez,K (2318) Caracas 2017}) 6... Nxe4 $17 7. Qe2 Bg7 8. c3 {Black is clearly better.} Nxd4 (8... d5 $19 9. Nxc6 bxc6) 9. Bxd4 Bxd4 10. Qxe4 (10. cxd4 $17 d5 11. f3) 10... Bg7 $19 11. Nd2 O-O 12. h4 d5 {[%cal Bd7d5,Bd5d4][%mdl 32]} 13. Qf3 h5 14. Nb3 e5 15. Qd3 (15. Rd1 {is a better defense.}) 15... d4 16. O-O-O $2 {[#]} (16. Qd1) 16... Bh6+ {Precision: White = 12%, Black = 88%.} 0-1

[Event "WYCC 2018 O14"]
[Site "Halkidiki"]
[Date "2018.10.29"]
[Round "10"]
[White "Bjerre, Jonas Buhl"]
[Black "Spyropoulos, Nikolaos"]
[Result "1/2-1/2"]
[WhiteElo "2438"]
[BlackElo "2378"]
[Annotator "TA"]
[PlyCount "109"]
[EventDate "2018.10.20"]
[EventType "swiss"]
[EventCountry "GRE"]
[SourceTitle "playchess.com"]
[Source "ChessBase"]
[SourceQuality "1"]

{[%evp 19,109,43,33,36,45,36,36,22,29,27,26,17,33,29,52,13,18,-28,-4,-14,0,-5,-7,-10,-25,-44,-12,-29,-9,-14,-16,-57,-60,-64,-47,-106,-101,-106,-50,-56,-45,-35,-45,-151,-134,-134,-75,-327,-334,-334,-340,-325,0,-83,0,-295,0,0,18,20,8,8,21,21,21,21,21,21,21,21,21,21,21,21,21,8,8,0,0,0,0,0,0,0,0,0,0,0,0,0,0,0]} 1. e4 Nf6 2. e5 Nd5 3. d4 d6 4. Nf3 dxe5 5. Nxe5 c6 6. Be2 Bf5 {B04: Aljechin-Verteidigung (Moderne Variante)} 7. O-O Nd7 8. Nf3 e6 9. c4 N5f6 10. Nc3 Bd6 {LiveBook: 48 Partien} 11. Nh4 Bg6 12. g3 O-O 13. Nxg6 hxg6 14. Bg5 {[#]} e5 $146 15. d5 {[#] dxc6 ist eine echte Drohung.} Qc7 16. Bf3 Rfe8 17. dxc6 bxc6 18. Qa4 {Droht Lxf6 und aus.} e4 19. Bg2 Rab8 20. Qc2 {[%cal Rc3e4]} Nh7 21. Be3 f5 $1 22. Ne2 Be5 23. Rab1 Nhf6 24. h3 Nf8 25. f4 exf3 $1 26. Rxf3 Ne6 27. Bf2 (27. Kh1 $15) 27... Ne4 $17 28. Be1 Bd4+ (28... c5 $17 29. Ra3 Qf7) 29. Kh2 $15 Qe5 {[%cal Rb8b2]} 30. b4 c5 31. Rd1 (31. b5 $15) 31... cxb4 $17 32. Rfd3 {[%cal Re2d4]} Rbd8 (32... Bc5 $142 33. Rd5 Qc7) 33. Nxd4 $4 {[%mdl 8192]} (33. Bxb4 $17 Bf2 34. Bc3 Nxc3 35. Nxc3 Rxd3 36. Rxd3) 33... Nxd4 $19 ({Nicht} 33... Rxd4 34. Bxb4 f4 35. Rxd4 $15) 34. Qc1 {[#]} Nc5 $1 {[%cal Rc5d3]} 35. R3d2 Ne4 $2 (35... b3 $19 {und Schwarz behält klar die Oberhand. Und ...Se2 würde nun gewinnen.} 36. Qa1 a5 37. Rxd4 Rxd4 38. Rxd4 Qxe1 39. Qxe1 Rxe1 40. axb3 Nxb3 41. Rd8+ Kh7) 36. Rd3 $1 $17 Nc5 $2 (36... Rd7 $17 37. Qf4 Qxf4 38. gxf4 Red8) 37. R3d2 $19 Nde6 $2 (37... b3 $19 {Droht stark ...Se2.} 38. Bf2 Ne2) 38. Rxd8 {Die Stellung ist ausgeglichen.} Rxd8 39. Rxd8+ Nxd8 40. Bxb4 Nde6 41. Qc3 Qxc3 42. Bxc3 $11 {[%mdl 4096] Endspiel KLL-KSS} g5 43. Bd5 Kf8 44. Kg2 Ke7 45. Kf3 Kd6 46. Ke3 g6 47. Bf6 Nd7 48. Bxe6 (48. Bb2 {is interesting.} Nb6 49. Ba3+ Ke5 50. Bxe6 Kxe6 51. Kd3) 48... Nxf6 {KL-KS} 49. Bf7 Ne4 50. g4 Ke5 51. Bxg6 f4+ 52. Kd3 Nc5+ 53. Ke2 Kd4 54. Bf5 Ke5 55. Kf3 {Precision: Weiß = 50%, Schwarz = 60%.} 1/2-1/2

[Event "WYCC 2018 O14"]
[Site "Halkidiki"]
[Date "2018.10.29"]
[Round "10"]
[White "Kacharava, Nikolozi"]
[Black "Huang, Renjie"]
[Result "1-0"]
[WhiteElo "2373"]
[BlackElo "2322"]
[Annotator "NA"]
[PlyCount "101"]
[EventDate "2018.10.20"]
[EventType "swiss"]
[EventCountry "GRE"]
[SourceTitle "playchess.com"]
[Source "ChessBase"]
[SourceQuality "1"]
[TimeControl "40/5400+30:1800+30"]

1. e4 {[%emt 0:00:00]} c5 {[%emt 0:00:00]} 2. Nf3 {[%emt 0:00:25]} d6 {[%emt 0:00:00]} 3. d4 {[%emt 0:00:49]} cxd4 {[%emt 0:00:00]} 4. Nxd4 {[%emt 0:00:43]} Nf6 {[%emt 0:00:00]} 5. Nc3 {[%emt 0:00:46]} g6 {[%emt 0:00:00]} 6. Be3 {[%emt 0:00:43]} Bg7 {[%emt 0:00:06]} 7. f3 {[%emt 0:00:32]} O-O {[%emt 0:00:10]} 8. Qd2 {[%emt 0:00:33]} Nc6 {[%emt 0:00:06]} 9. g4 {[%emt 0:01:10]} e6 {[%emt 0:02:12]} 10. O-O-O {[%emt 0:11:49]} d5 {[%emt 0:00:22]} 11. g5 {[%emt 0:02:43] B76: Sizilianisch (Moderne Drachen-Variante)} Nh5 $1 {[%emt 0:00:30] LiveBook: 10 Partien} 12. Nb3 {[%emt 0:02:57]} d4 $146 {[%emt 0:05:34]} 13. Nxd4 {[%emt 0:03:04]} Nxd4 {[%emt 0:00:07]} 14. Bxd4 {[%emt 0:00:27]} Bxd4 {[%emt 0:00:05]} 15. Qxd4 {[%emt 0:00:11]} Qxg5+ {[%emt 0:00:05]} 16. Qd2 {[%emt 0:06:01]} Qf6 {[%emt 0:00:13]} 17. Qe3 {[%emt 0:01:13]} b6 {[%emt 0:03:42]} 18. e5 {[%emt 0:02:58]} Qf4 {[%emt 0:00:32]} 19. Qxf4 {[%emt 0:02:33]} Nxf4 {[%emt 0:01:43]} 20. Rd4 {[%emt 0:10:13]} Nh5 {[%emt 0:00:28]} 21. Be2 {[%emt 0:01:51]} Bb7 {[%emt 0:04:24]} 22. Rhd1 {[%emt 0:01:43]} Ng7 {[%emt 0:00:23]} 23. Nb5 {[%emt 0:07:10]} Nf5 {[%emt 0:04:03]} 24. R4d2 {[%emt 0:07:46]} Ne3 $11 {[%emt 0:02:19]} 25. Re1 {[%emt 0:00:38]} Ng2 {[%emt 0:00:31]} 26. Rf1 {[%emt 0:04:10]} Nf4 {[%emt 0:01:27]} 27. Nd6 {[%emt 0:01:16]} Bd5 {[%emt 0:01:30]} 28. c4 {[%emt 0:06:59]} Bc6 {[%emt 0:00:06]} 29. b4 {[%emt 0:01:42]} Rad8 {[%emt 0:01:10]} 30. c5 {[%emt 0:03:23]} bxc5 {[%emt 0:02:53]} 31. bxc5 {[%emt 0:00:21]} Rb8 {[%emt 0:01:07]} 32. Bc4 {[%emt 0:03:40]} Rb4 {[%emt 0:00:13]} 33. Rb2 {[%emt 0:01:03]} Ra4 {[%emt 0:02:06]} 34. Kd2 {[%emt 0:01:58]} Rd8 {[%emt 0:03:59]} 35. Ke3 {[%emt 0:04:25]} Rxd6 {[%emt 0:00:41]} 36. cxd6 {[%emt 0:01:27]} Rxc4 {[%emt 0:00:04]} 37. Rb8+ {[%emt 0:02:00]} Kg7 {[%emt 0:00:06]} 38. Rc8 {[%emt 0:00:53]} Nd5+ {[%emt 0:00:44]} 39. Kf2 {[%emt 0:06:02]} Rc2+ {[%emt 0:00:25]} 40. Kg3 {[%emt 0:00:00]} Ne3 {[%emt 0:00:00]} 41. Re1 {[%emt 0:14:08]} Nf5+ {[%emt 0:43:28]} 42. Kh3 {[%emt 0:00:08]} Rc3 {[%emt 0:01:40]} 43. Rxc6 {[%emt 0:05:01]} Rxf3+ {[%emt 0:00:08]} 44. Kg2 {[%emt 0:00:54]} Rd3 {[%emt 0:00:56]} 45. Rcc1 {[%emt 0:01:42]} Kf8 {[%emt 0:10:38]} 46. Kh1 {[%emt 0:01:39]} Nd4 {[%emt 0:03:20]} 47. Rc8+ {[%emt 0:04:43]} Kg7 {[%emt 0:00:21]} 48. d7 {[%emt 0:00:41]} Nf3 {[%emt 0:00:06]} 49. Rf1 {[%emt 0:01:14]} Nxh2 {[%emt 0:01:21]} 50. d8=Q {[%emt 0:01:51]} Rxd8 {[%emt 0:00:07]} 51. Rxd8 {[%emt 0:00:04]} 1-0

[Event "WYCC 2018 O14"]
[Site "Halkidiki"]
[Date "2018.10.29"]
[Round "10"]
[White "Murzin, Volodar"]
[Black "Krallis, Christos"]
[Result "1-0"]
[WhiteElo "2340"]
[BlackElo "2139"]
[Annotator "NA"]
[PlyCount "75"]
[EventDate "2018.10.20"]
[EventType "swiss"]
[EventCountry "GRE"]
[SourceTitle "playchess.com"]
[Source "ChessBase"]
[SourceQuality "1"]
[TimeControl "40/5400+30:1800+30"]

1. e4 {[%emt 0:00:34]} e5 {[%emt 0:00:00]} 2. Nf3 {[%emt 0:00:05]} Nc6 {[%emt 0:00:00]} 3. Bc4 {[%emt 0:00:12]} Bc5 {[%emt 0:00:00]} 4. O-O {[%emt 0:00:28]} Nf6 {[%emt 0:00:16]} 5. d3 {[%emt 0:00:16]} d6 {[%emt 0:00:52]} 6. c3 {[%emt 0:00:23]} a6 {[%emt 0:00:55]} 7. a4 {[%emt 0:02:27] C54: Italienische Partie (Hauptvariante)} Ba7 {[%emt 0:00:13]} 8. Nbd2 {[%emt 0:06:32]} h6 {[%emt 0:00:34]} 9. Re1 {[%emt 0:08:38]} g5 {[%emt 0:00:13]} 10. Nf1 {[%emt 0:04:42]} g4 {[%emt 0:00:09]} 11. N3d2 {[%emt 0:06:44] LiveBook: 6 Games} h5 {[%emt 0:00:11]} 12. Ne3 {[%emt 0:00:13]} h4 {[%emt 0:01:20]} 13. Ndf1 {[%emt 0:00:40]} Rg8 {[%emt 0:00:16] [#]} 14. g3 $146 {[%emt 0:03:52]} ({Vorgänger:} 14. b4 Be6 15. Bxe6 fxe6 {1-0 (37) Demchenko,A (2672)-Bologan,V (2600) Batumi 2018}) 14... Be6 {[%emt 0:05:03]} 15. Bxe6 {[%emt 0:13:42]} fxe6 {[%emt 0:00:11]} 16. b4 {[%emt 0:00:10]} hxg3 {[%emt 0:08:09]} 17. fxg3 {[%emt 0:05:09]} Ne7 {[%emt 0:03:11]} 18. b5 {[%emt 0:07:07]} Qd7 $11 {[%emt 0:08:28]} 19. bxa6 {[%emt 0:00:29]} bxa6 {[%emt 0:00:11]} 20. Ra2 {[%emt 0:03:27]} d5 {[%emt 0:02:51]} 21. Rf2 {[%emt 0:01:13]} Rg6 {[%emt 0:00:31]} 22. Kh1 {[%emt 0:11:06]} dxe4 {[%emt 0:09:20]} 23. Rxf6 {[%emt 0:00:48]} Rxf6 {[%emt 0:01:32]} 24. Nxg4 {[%emt 0:00:01]} Rf7 {[%emt 0:14:30]} 25. dxe4 {[%emt 0:04:48]} Qd6 {[%emt 0:21:59]} 26. Qe2 {[%emt 0:01:55]} Rd8 {[%emt 0:08:39]} 27. Be3 {[%emt 0:04:18]} Bxe3 {[%emt 0:00:50]} 28. Nfxe3 {[%emt 0:00:08]} Ng6 {[%emt 0:07:55]} 29. Nc4 {[%emt 0:09:21]} Qc5 {[%emt 0:00:14]} 30. Nge3 {[%emt 0:00:03]} Ke7 {[%emt 0:02:37]} 31. Qh5 {[%emt 0:00:44]} Rg8 {[%emt 0:01:08]} 32. Rd1 {[%emt 0:02:40]} Qc6 {[%emt 0:03:07]} 33. Qg5+ {[%emt 0:01:11]} Rf6 {[%emt 0:00:06]} 34. Ng4 {[%emt 0:00:45]} Qxe4+ {[%emt 0:00:02]} 35. Kg1 {[%emt 0:00:05]} Rgf8 {[%emt 0:01:21]} 36. Nce3 {[%emt 0:00:11]} R8f7 {[%emt 0:00:33]} 37. Nxf6 {[%emt 0:00:15]} Rxf6 {[%emt 0:00:19]} 38. Ng4 {[%emt 0:00:00]} 1-0

[Event "WYCC 2018 O14"]
[Site "Halkidiki"]
[Date "2018.10.29"]
[Round "10"]
[White "Stoyanov, Tsvetan"]
[Black "Ngo, Duc Tri"]
[Result "1-0"]
[WhiteElo "2340"]
[BlackElo "1883"]
[Annotator "NA"]
[PlyCount "97"]
[EventDate "2018.10.20"]
[EventType "swiss"]
[EventCountry "GRE"]
[SourceTitle "playchess.com"]
[Source "ChessBase"]
[SourceQuality "1"]
[TimeControl "40/5400+30:1800+30"]

1. e4 {[%emt 0:00:00]} e5 {[%emt 0:07:42]} 2. Nf3 {[%emt 0:02:43]} Nc6 {[%emt 0:01:52]} 3. Bc4 {[%emt 0:05:13]} Bc5 {[%emt 0:00:07]} 4. d3 {[%emt 0:00:34]} d6 {[%emt 0:02:41]} 5. a4 {[%emt 0:07:08]} Be6 {[%emt 0:00:18]} 6. Bxe6 {[%emt 0:01:18]} fxe6 {[%emt 0:00:05]} 7. c3 {[%emt 0:00:47]} d5 {[%emt 0:01:47]} (7... a5 $11) 8. Qe2 {[%emt 0:15:40]} a5 $14 {[%emt 0:03:37]} 9. O-O {[%emt 0:07:56]} Nf6 {[%emt 0:08:18]} 10. Na3 {[%emt 0:09:11]} Qe7 {[%emt 0:14:07]} 11. Nb5 {[%emt 0:10:35]} O-O {[%emt 0:01:30]} 12. Bg5 {[%emt 0:03:09]} Bb6 {[%emt 0:08:22]} 13. Bh4 {[%emt 0:05:44]} Rad8 {[%emt 0:18:14]} 14. d4 dxe4 {[%emt 0:12:56]} 15. Nxe5 {[%emt 0:02:14]} Rd5 {[%emt 0:00:04]} 16. Ng4 {[%emt 0:04:02]} Nd8 {[%emt 0:14:01]} 17. c4 {[%emt 0:04:56]} Rxd4 {[%emt 0:00:08]} 18. Nxf6+ {[%emt 0:02:33]} gxf6 {[%emt 0:00:35]} 19. Nxd4 {[%emt 0:00:06]} Bxd4 {[%emt 0:00:07]} 20. Ra3 {[%emt 0:03:08]} Kh8 {[%emt 0:00:58]} 21. Rb3 {[%emt 0:02:10]} Qc5 {[%emt 0:00:19]} 22. Rb5 {[%emt 0:01:24]} Qc6 {[%emt 0:01:27]} 23. Rd1 {[%emt 0:00:54]} e5 {[%emt 0:00:19]} 24. Rd5 {[%emt 0:03:08]} Ne6 {[%emt 0:01:12]} 25. Qxe4 {[%emt 0:01:02]} Qxc4 {[%emt 0:00:33]} 26. Qf3 {[%emt 0:00:27]} f5 {[%emt 0:01:03]} 27. b3 {[%emt 0:01:34]} Qc6 {[%emt 0:00:20]} 28. Rxa5 {[%emt 0:00:50]} e4 {[%emt 0:00:44]} 29. Qh5 {[%emt 0:01:12]} Qc2 {[%emt 0:00:25]} 30. Rf1 {[%emt 0:00:52]} Ng7 {[%emt 0:00:36]} 31. Qd1 {[%emt 0:01:14]} Qc3 {[%emt 0:00:30]} 32. Rd5 {[%emt 0:00:50]} c5 {[%emt 0:00:03]} 33. Rd7 {[%emt 0:00:42]} f4 {[%emt 0:00:24]} 34. Kh1 {[%emt 0:02:07]} Nf5 {[%emt 0:00:42]} 35. Qh5 {[%emt 0:00:31]} Bg7 {[%emt 0:00:10]} 36. Rf7 {[%emt 0:01:14]} Qe5 {[%emt 0:00:45]} 37. Rxf8+ {[%emt 0:00:29]} Bxf8 {[%emt 0:00:04]} 38. Qf7 {[%emt 0:00:35]} Bg7 {[%emt 0:00:04]} 39. Rd1 {[%emt 0:00:26]} Nd4 {[%emt 0:00:14]} 40. Qxb7 {[%emt 0:00:00]} h6 {[%emt 0:00:00]} 41. a5 {[%emt 0:03:56]} Qh5 {[%emt 0:02:23]} 42. Qa8+ {[%emt 0:00:56]} Kh7 {[%emt 0:00:04]} 43. Qxe4+ {[%emt 0:00:05]} Kg8 {[%emt 0:00:23]} 44. f3 {[%emt 0:00:37]} Qf7 {[%emt 0:07:27]} 45. a6 {[%emt 0:00:20]} Qxb3 {[%emt 0:00:03]} 46. Rb1 {[%emt 0:00:26]} Qa4 {[%emt 0:01:03]} 47. Rb8+ {[%emt 0:00:15]} Kf7 {[%emt 0:00:06]} 48. Qe8+ {[%emt 0:01:08]} Qxe8 {[%emt 0:00:08]} 49. Rxe8 {[%emt 0:00:04]} 1-0

[Event "WYCC 2018 O14"]
[Site "Halkidiki"]
[Date "2018.10.29"]
[Round "10"]
[White "Nogerbek, Kazybek"]
[Black "Subelj, Jan"]
[Result "1/2-1/2"]
[WhiteElo "2316"]
[BlackElo "2281"]
[Annotator "ChessBase"]
[PlyCount "157"]
[EventDate "2018.10.20"]
[EventType "swiss"]
[EventCountry "GRE"]
[SourceTitle "playchess.com"]
[Source "ChessBase"]
[SourceQuality "1"]
[TimeControl "40/5400+30:1800+30"]

1. e4 {[%emt 0:00:00]} e5 {[%emt 0:00:00]} 2. Nf3 {[%emt 0:00:00]} Nc6 {[%emt 0:00:16]} 3. Bb5 {[%emt 0:00:07]} a6 {[%emt 0:00:44]} 4. Ba4 {[%emt 0:00:07]} Nf6 {[%emt 0:00:39]} 5. O-O {[%emt 0:00:20]} Be7 {[%emt 0:00:24]} 6. Re1 {[%emt 0:00:34]} b5 {[%emt 0:01:05]} 7. Bb3 {[%emt 0:00:07]} d6 {[%emt 0:00:21]} 8. c3 {[%emt 0:00:07]} O-O {[%emt 0:00:06]} 9. h3 {[%emt 0:00:06]} Na5 {[%emt 0:00:51]} 10. Bc2 {[%emt 0:00:09]} c5 {[%emt 0:00:06]} 11. d4 {[%emt 0:00:06]} Qc7 {[%emt 0:00:06]} 12. d5 {[%emt 0:01:36]} Nc4 {[%emt 0:05:08]} 13. a4 {[%emt 0:09:22]} Bd7 {[%emt 0:08:12]} 14. b3 {[%emt 0:00:13]} Na5 {[%emt 0:00:40]} 15. axb5 {[%emt 0:06:45]} axb5 {[%emt 0:00:16]} 16. Nbd2 {[%emt 0:02:42]} g6 {[%emt 0:03:03]} 17. Nf1 {[%emt 0:03:41]} Nh5 {[%emt 0:02:35]} 18. Bh6 {[%emt 0:06:26]} Rfc8 {[%emt 0:02:29]} 19. Ra2 {[%emt 0:07:33]} Ra7 {[%emt 0:18:06]} 20. Qa1 {[%emt 0:23:55]} Rca8 {[%emt 0:00:20]} 21. Qb2 {[%emt 0:00:48]} Nb7 {[%emt 0:01:23]} 22. Rea1 {[%emt 0:12:18]} Nd8 {[%emt 0:00:19]} 23. b4 {[%emt 0:08:23]} c4 {[%emt 0:05:15]} 24. Be3 {[%emt 0:06:28]} Rxa2 {[%emt 0:00:09]} 25. Rxa2 {[%emt 0:00:03]} Rxa2 {[%emt 0:01:19]} 26. Qxa2 {[%emt 0:00:03]} f5 {[%emt 0:01:42]} 27. N3d2 {[%emt 0:02:27]} Qb7 {[%emt 0:01:47]} 28. f3 {[%emt 0:05:10]} Bf6 {[%emt 0:05:43]} 29. Qa7 {[%emt 0:00:42]} Nf4 {[%emt 0:03:14]} 30. Qxb7 {[%emt 0:00:19]} Nxb7 {[%emt 0:00:01]} 31. Nb1 {[%emt 0:01:35]} h5 {[%emt 0:03:54]} 32. Ng3 {[%emt 0:02:31]} Bg5 {[%emt 0:05:45]} 33. Bd2 {[%emt 0:01:14]} h4 {[%emt 0:01:16]} 34. Nf1 {[%emt 0:00:01]} Kf7 {[%emt 0:02:07]} 35. Kf2 {[%emt 0:00:01]} Kf6 {[%emt 0:01:30]} 36. Be3 {[%emt 0:00:28]} Nh5 {[%emt 0:00:41]} 37. Nbd2 {[%emt 0:01:10]} Bf4 {[%emt 0:10:36]} 38. Nb1 {[%emt 0:00:11]} Nd8 {[%emt 0:01:29]} 39. Nbd2 {[%emt 0:00:05]} Nf7 {[%emt 0:00:22]} 40. Ke2 {[%emt 0:00:00]} Ng3+ {[%emt 0:00:00]} 41. Kf2 {[%emt 0:05:51]} Kg5 {[%emt 0:10:23]} 42. Bb6 {[%emt 0:02:50]} Kf6 {[%emt 0:05:50]} 43. Be3 {[%emt 0:03:38]} Ng5 {[%emt 0:01:03]} 44. Bb1 {[%emt 0:01:20]} Ke7 {[%emt 0:02:00]} 45. Bc2 {[%emt 0:01:05]} Nh7 {[%emt 0:00:30]} 46. Nxg3 {[%emt 0:07:01]} hxg3+ {[%emt 0:03:41]} 47. Ke2 {[%emt 0:00:05]} Nf6 {[%emt 0:00:56]} 48. Nf1 {[%emt 0:01:37]} Nh5 {[%emt 0:01:27]} 49. Bb6 {[%emt 0:01:42]} Bg5 {[%emt 0:01:34]} 50. Ne3 {[%emt 0:00:39]} f4 {[%emt 0:03:39]} 51. Ng4 {[%emt 0:01:51]} Ng7 {[%emt 0:03:53]} 52. Bc7 {[%emt 0:00:10]} Ne8 {[%emt 0:00:22]} 53. Bb6 {[%emt 0:00:09]} Bc8 {[%emt 0:01:53]} 54. Bd1 {[%emt 0:01:01]} Ba6 {[%emt 0:01:25]} 55. Ke1 {[%emt 0:00:19]} Bc8 {[%emt 0:01:54]} 56. Bc2 {[%emt 0:00:29]} Ng7 {[%emt 0:00:11]} 57. Bc7 {[%emt 0:01:08]} Bd7 {[%emt 0:01:50]} 58. Ke2 {[%emt 0:00:42]} Be8 {[%emt 0:02:41]} 59. Ke1 {[%emt 0:00:24]} Kd7 {[%emt 0:00:05]} 60. Bb6 {[%emt 0:00:11]} Kc8 {[%emt 0:00:24]} 61. Ke2 {[%emt 0:00:35]} Kb7 {[%emt 0:00:25]} 62. Ba5 {[%emt 0:00:34]} Bd7 {[%emt 0:00:59]} 63. Bb1 {[%emt 0:01:12]} Ne8 {[%emt 0:01:09]} 64. Bc2 {[%emt 0:00:21]} Bxg4 {[%emt 0:02:22]} 65. hxg4 {[%emt 0:00:11]} Nf6 {[%emt 0:00:10]} 66. Bb1 {[%emt 0:00:47]} Nd7 {[%emt 0:00:24]} 67. Bc2 {[%emt 0:00:13]} Be7 {[%emt 0:00:03]} 68. Bd1 {[%emt 0:00:17]} Ka6 {[%emt 0:00:08]} 69. Bc7 {[%emt 0:00:20]} g5 {[%emt 0:00:22]} 70. Bc2 {[%emt 0:00:31]} Nf8 {[%emt 0:00:06]} 71. Bd1 {[%emt 0:00:06]} Ng6 {[%emt 0:00:03]} 72. Bc2 {[%emt 0:00:08]} Kb7 {[%emt 0:00:22]} 73. Ba5 {[%emt 0:00:13]} Nh4 {[%emt 0:00:13]} 74. Kf1 {[%emt 0:00:05]} Ng6 {[%emt 0:00:05]} 75. Ke2 {[%emt 0:00:04]} Nf8 {[%emt 0:00:06]} 76. Bb1 {[%emt 0:00:09]} Nd7 {[%emt 0:00:04]} 77. Bc2 {[%emt 0:00:07]} Nb6 {[%emt 0:00:07]} 78. Bxb6 {[%emt 0:00:10]} Kxb6 {[%emt 0:00:04]} 79. Kd2 {[%emt 0:00:10]} 1/2-1/2